00356 2200133 4500001002100000008004100021035002000062245004600082100002200128260003100150300001800181084001400199990000900213INLIS000000000003796 ind  a0010-0723000281 aPijat Urat & Obat KunocMB. Rahimsyah AR. aAR, MB. Rahimsyah aSurabaya :bApollo Lestari a55 hlm.c20.2 a014 PIJ m a3880